banner-ar

BEHAVIOR THERAPY: CONCEPTS, PROCEDURES, AND APPLICATIONS / (Record no. 18235)

MARC details
000 -الفاتح
حقل البيانات ثابتة الطول 00470nam a2200169Ia 4500
008 - عناصر البيانات ثابتة الطول - معلومات عامة
حقل البيانات ثابتة الطول 140319s9999 xx 000 0 eng d
040 ## - مصدر الفهرسة
وكالة الفهرسة الأصلية GCL /
وكالة النسخ GCL
082 04 - رقم تصنيف ديوى العشرى
رقم التصنيف 616.89142
رقم المادة T B
100 1# - المدخل الرئيسى - إسم شخصى
الإسم الشخصى THORPE, GEOFFREY L.
245 10 - بيان العنوان
العنوان BEHAVIOR THERAPY: CONCEPTS, PROCEDURES, AND APPLICATIONS /
بيان المسئوليه,etc THORPE, GEOFFREY L.
700 1# - المدخل الاضافى - اسم شخصى
الإسم الشخصى OLSON, SHERYL.L.
300 ## - الوصف المادى
التعداد 320 P
650 04 - المدخل الاضافى بالموضوع-مصطلح موضوعى
مصطلح موضوعي BEHAVIOR THERAPY
942 ## - عناصر المدخل الإضافي( كوها)
مصدر التصنيف او مخطط الترفيف Dewey Decimal Classification
Koha [default] item type كتاب
260 ## - PUBLICATION, DISTRIBUTION, ETC. (IMPRINT)
-- [S.N] :
-- ALLYN AND BACON
Holdings
حالة التراجع حالة الفقد حالة تلف ليس للاعارة المكان المؤقت الموقع الحالى تاريخ الاكتساب اجمالي اﻻعارات رقم الطلب الباركود تاريخ اخر مشاهدة تاريخ تفعيل السعر نوع وعاء كوها
        مكتبة القاهرة الكبرى مكتبة القاهرة الكبرى 03/26/2014   616.89142\T B 33324 03/26/2014 03/26/2014 كتاب

Powered By

EGPV